Top 15 most streamed Lil Uzi Vert songs - Statistics

General Stats
  • This quiz has been taken 286 times
  • The average score is 7 of 15
Answer Stats
Rank Streams Songs % Correct
1. 2,112,120,061 XO Tour Llif3
92%
2. 996,645,596 20 Min
87%
3. 966,049,572 The Way Life Goes
71%
5. 658,805,954 Money Longer
67%
4. 660,215,315 Just Wanna Rock
63%
7. 467,565,202 Erase Your Social
49%
6. 478,119,458 Sanguine Paradise
47%
14. 280,654,228 Neon Guts
46%
9. 370,755,033 Myron
42%
10. 345,183,233 Sauce It Up
31%
8. 425,225,169 You Was Right
27%
12. 326,061,724 P2
26%
11. 329,365,049 Futsal Shuffle 2020
25%
15. 272,549,783 New Patek
23%
13. 289,457,854 That Way
23%
No matching quizzes found
Score Distribution
Percent of People with Each Score
Percentile by Number Answered
Your Score History
You have not taken this quiz